书目信息 |
| 题名: |
20个世界著名建筑师事务所作品集
|
|
| 作者: | 达盖尔 著 ;张威 译 | |
| 分册: | ||
| 出版信息: | 大连 大连理工大学出版社 2004.03 |
|
| 页数: | 235页 | |
| 开本: | 24×31cm | |
| 丛书名: | ||
| 单 册: | ||
| 中图分类: | TU241 | |
| 科图分类: | ||
| 主题词: | 住宅--zhu zhai--建筑设计--世界 | |
| 电子资源: | ||
| ISBN: | 7-5611-2449-X | |
| 000 | 01048nam0 2200241 450 | |
| 001 | 012007300335 | |
| 005 | 20070509105935.70 | |
| 010 | @a7-5611-2449-X@b精装@dCNY228.00 | |
| 100 | @a20070409d2004 km y0chiy0120 ea | |
| 101 | 1 | @achi@cspa |
| 102 | @aCN@b210000 | |
| 105 | @aa z 000yy | |
| 200 | 1 | @a20个世界著名建筑师事务所作品集@A20 ge shi jie zhu ming jian zhu shi shi wu suo zuo pin ji@d= Twenty Houses by Twenty Architects@f(西班牙) 梅塞德斯·达盖尔 (Mercedes Daguerre) 著@F(xi ban ya)mei sai de si·da gai er(Mercedes Daguerre)zhu@g张威译@Gzhang wei yi@zeng |
| 210 | @a大连@c大连理工大学出版社@d2004.03 | |
| 215 | @a235页@c图@d24×31cm | |
| 330 | @a本书列举了20个世界著名的建筑师事务所,并展示了其代表作品。其中有;美丽的住宅,一个完美的世界。富士河边的别墅等。 | |
| 500 | 10 | @aTwenty Houses by Twenty Architects@mChinese |
| 606 | 0 | @a住宅@Azhu zhai@x建筑设计@y世界 |
| 690 | @aTU241@v4 | |
| 701 | 1 | @a达盖尔@Ada gai er@g(Daguerre, Mercedes)@4著 |
| 702 | 0 | @a张威@Azhang wei@4译 |
| 801 | 0 | @aCN@c20070509 |
| 905 | @a10447@dTU241@eD04 | |
| 20个世界著名建筑师事务所作品集= Twenty Houses by Twenty Architects/(西班牙) 梅塞德斯·达盖尔 (Mercedes Daguerre) 著/张威译.-大连:大连理工大学出版社,2004.03 |
| 235页:图;24×31cm |
| ISBN 7-5611-2449-X(精装):CNY228.00 |
| 本书列举了20个世界著名的建筑师事务所,并展示了其代表作品。其中有;美丽的住宅,一个完美的世界。富士河边的别墅等。 |
| ● |
| 相关链接 |
|
|
|
正题名:20个世界著名建筑师事务所作品集
索取号:TU241/D04
 
预约/预借
| 序号 | 登录号 | 条形码 | 馆藏地/架位号 | 状态 | 备注 |
| 1 | 240249 | 202402499 | 建筑库101/ [索取号:TU241/D04] | 在馆 |